000
00264nam a2200085Ia 4500
008
170620s9999 xx 000 0 und d
100
_a
Rao- Mandalapu Srinivas
245
0
_a
Achievement Motivation and Achievement in Mathematics
260
_b
New Delhi- Discovery Publishing House
260
_c
2004
999
_c
24278
_d
24278